Der Berliner Leutchar-Codex: ein "Geburtsdokument" unserer heutigen Schrift (um 765 n. Chr.)
Saved in:
| Main Author: | |
|---|---|
| Format: | Chapter/Article |
| Language: | German |
| Published: |
[2017]
|
| In: |
5300 Jahre Schrift
Year: 2017, Pages: 74-77 |
| Online Access: |
|
| Author Notes: | Tino Licht (Mittellateinische Philologie) |
MARC
| LEADER | 00000caa a2200000 c 4500 | ||
|---|---|---|---|
| 001 | 156247314X | ||
| 003 | DE-627 | ||
| 005 | 20240711183810.0 | ||
| 007 | tu | ||
| 008 | 170816s2017 xx ||||| 00| ||ger c | ||
| 035 | |a (DE-627)156247314X | ||
| 035 | |a (DE-576)492473145 | ||
| 035 | |a (DE-599)BSZ492473145 | ||
| 035 | |a (OCoLC)1340978642 | ||
| 040 | |a DE-627 |b ger |c DE-627 |e rda | ||
| 041 | |a ger | ||
| 084 | |a 63 |2 sdnb | ||
| 084 | |a BBI |q DE-23 |2 fid | ||
| 100 | 1 | |a Licht, Tino |d 1969- |e VerfasserIn |0 (DE-588)131454587 |0 (DE-627)562104399 |0 (DE-576)298488353 |4 aut | |
| 245 | 1 | 4 | |a Der Berliner Leutchar-Codex |b ein "Geburtsdokument" unserer heutigen Schrift (um 765 n. Chr.) |c Tino Licht (Mittellateinische Philologie) |
| 264 | 1 | |c [2017] | |
| 300 | |a 4 | ||
| 336 | |a Text |b txt |2 rdacontent | ||
| 337 | |a ohne Hilfsmittel zu benutzen |b n |2 rdamedia | ||
| 338 | |a Band |b nc |2 rdacarrier | ||
| 773 | 0 | 8 | |i Enthalten in |t 5300 Jahre Schrift |d Heidelberg : Wunderhorn, 2017 |g (2017), Seite 74-77 |h X, 204 Seiten |w (DE-627)885617681 |w (DE-576)491126638 |z 3884235656 |z 9783884235652 |7 nnam |a Der Berliner Leutchar-Codex ein "Geburtsdokument" unserer heutigen Schrift (um 765 n. Chr.) |
| 773 | 1 | 8 | |g year:2017 |g pages:74-77 |g extent:4 |a Der Berliner Leutchar-Codex ein "Geburtsdokument" unserer heutigen Schrift (um 765 n. Chr.) |
| 889 | |w (DE-627)1006680403 | ||
| 935 | |i mdedup | ||
| 951 | |a AR | ||
| 992 | |a 20170816 | ||
| 993 | |a BookComponentPart | ||
| 994 | |a 2017 | ||
| 998 | |g 131454587 |a Licht, Tino |m 131454587:Licht, Tino |d 70000 |d 72000 |d 72020 |e 70000PL131454587 |e 72000PL131454587 |e 72020PL131454587 |k 0/70000/ |k 1/70000/72000/ |k 2/70000/72000/72020/ |p 1 |x j |y j | ||
| 999 | |a KXP-PPN156247314X |e 2977814604 | ||
| BIB | |a Y | ||
| JSO | |a {"language":["ger"],"name":{"displayForm":["Tino Licht (Mittellateinische Philologie)"]},"recId":"156247314X","relHost":[{"physDesc":[{"extent":"X, 204 Seiten","noteIll":"Illustrationen","noteFormat":"28 x 21 cm"}],"type":{"bibl":"edited-book"},"titleAlt":[{"title":"Fünftausenddreihundert Jahre Schrift"},{"title":"Fünftausenddreihundert Jahre Schrift"}],"note":["Basiert auf einer \"Akademischen Mittagspause\" an der Universität Heidelberg, einer Serie von Kurzvorträgen in der Peterskirche, die im Sommersemester 2015 vom Heidelberger Sonderforschungsbereich 933 \"Materiale Textkulturen\" und vom Heidelberg Center for Cultural Heritage (HCCH) ausgerichtet wurde","Literaturangaben"],"corporate":[{"role":"pbl","display":"Verlag Das Wunderhorn GmbH"}],"origin":[{"dateIssuedDisp":"[2017]","publisher":"Wunderhorn","dateIssuedKey":"2017","publisherPlace":"Heidelberg"}],"disp":"Der Berliner Leutchar-Codex ein \"Geburtsdokument\" unserer heutigen Schrift (um 765 n. Chr.)5300 Jahre Schrift","part":{"extent":"4","pages":"74-77","year":"2017","text":"(2017), Seite 74-77"},"title":[{"title_sort":"5300 Jahre Schrift","title":"5300 Jahre Schrift"}],"id":{"eki":["885617681"],"isbn":["3884235656","9783884235652","9783884235652"]},"person":[{"role":"edt","given":"Michaela","family":"Böttner","display":"Böttner, Michaela"},{"role":"edt","display":"Lieb, Ludger","family":"Lieb","given":"Ludger"},{"role":"edt","given":"Christian","family":"Schröter","display":"Schröter, Christian"},{"role":"edt","family":"Witschel","given":"Christian","display":"Witschel, Christian"}],"name":{"displayForm":["herausgegeben von Michaela Böttner, Ludger Lieb, Christian Vater, Christian Witschel"]},"language":["ger"],"recId":"885617681"}],"origin":[{"dateIssuedDisp":"[2017]","dateIssuedKey":"2017"}],"type":{"bibl":"chapter"},"physDesc":[{"extent":"4 S."}],"title":[{"subtitle":"ein \"Geburtsdokument\" unserer heutigen Schrift (um 765 n. Chr.)","title_sort":"Berliner Leutchar-Codex","title":"Der Berliner Leutchar-Codex"}],"person":[{"role":"aut","family":"Licht","given":"Tino","display":"Licht, Tino"}],"id":{"eki":["156247314X"]}} | ||
| SRT | |a LICHTTINOBERLINERLE2017 | ||